000
00329nam a22001457a 4500
008
230627b ||||| |||| 00| 0 eng d
020
_a
97813390071101
041
_a
eng
080
_2
SEVENTH EDITION
_a
94
082
_a
94WIN
100
_a
28
101
_a
HIS
245
_a
A HISTORY OF CIVILIZATION
_c
WINKS
942
_2
udc
_c
BK
999
_c
60057
_d
60057